The Courage to Teach Exploring the Inner Landscape of a Teacher's Life / (Record no. 616578)
[ view plain ]
| 000 -LEADER | |
|---|---|
| fixed length control field | 00408nam a22001337a 4500 |
| 020 ## - INTERNATIONAL STANDARD BOOK NUMBER | |
| Qualifying information | HB. |
| 040 ## - CATALOGING SOURCE | |
| Transcribing agency | Fizza Ishaq |
| 082 ## - DEWEY DECIMAL CLASSIFICATION NUMBER | |
| Classification number | 371.102 |
| Author Mark | PAR |
| 100 ## - MAIN ENTRY--PERSONAL NAME | |
| Personal name | Palmer, J. Parker. |
| 9 (RLIN) | 133618 |
| 245 ## - TITLE STATEMENT | |
| Title | The Courage to Teach Exploring the Inner Landscape of a Teacher's Life / |
| Statement of responsibility, etc. | Parker J. Palmer. |
| 260 ## - PUBLICATION, DISTRIBUTION, ETC. | |
| Place of publication, distribution, etc. | New York : |
| Name of publisher, distributor, etc. | Jossey-Bass, |
| Date of publication, distribution, etc. | 1998. |
| 300 ## - PHYSICAL DESCRIPTION | |
| Extent | 199 p. ; |
| Dimensions | 6.5 x 1.2 x 9.2 inches |
| 942 ## - ADDED ENTRY ELEMENTS (KOHA) | |
| Source of classification or shelving scheme | |
| Koha item type | Book |
| Withdrawn status | Lost status | Source of classification or shelving scheme | Damaged status | Not for loan | Permanent Location | Current Location | Shelving location | Date acquired | Total Checkouts | Full call number | Barcode | Date last seen | Price effective from | Koha item type |
|---|---|---|---|---|---|---|---|---|---|---|---|---|---|---|
| NUST Baluchistan Campus (NBC) | NUST Baluchistan Campus (NBC) | General Stacks | 03/10/2026 | 371.102 PAR | QD-417 | 03/10/2026 | 03/10/2026 | Book |
